Analýza spotrebiteľského správania v podmienkach hospodárskej krízy bakalárska práca

Enregistré dans:
Détails bibliographiques
Auteur principal: Šefarová, Jana
Collectivité auteur: Fakulta hospodárskej informatiky EU. Katedra štatistiky
Autres auteurs: Kotlebová, Eva
Format: Livre
Langue:slovaque
Publié: Bratislava 2010
Tags: Ajouter un tag
Pas de tags, Soyez le premier à ajouter un tag!

MARC

LEADER 00000nbm a2200000 4500
001 0138599
005 20161109111554.4
041 0 |a slo 
044 |a SK 
245 1 0 |a Analýza spotrebiteľského správania v podmienkach hospodárskej krízy  |b bakalárska práca  |c Jana Šefarová ; školiteľ: Eva Kotlebová 
264 1 |a Bratislava  |c 2010 
300 |a 38 s. 
100 1 |a Šefarová, Jana 
700 1 |a Kotlebová, Eva 
710 2 |a Fakulta hospodárskej informatiky EU. Katedra štatistiky